Nové pravidlá pre dokumentáciu o transferovom oceňovaní

Základná charakteristika dokumentácie. Rozdiel medzi režimom transferového oceňovania a rozsahom dokumentácie. Pravidlá pre vedenie dokumentácie. Ilustračné príklady.

Saved in:
Bibliographic Details
Main Author: Kočiš, Michal
Format: Book Chapter
Language:Slovak
Subjects:
Tags: Add Tag
No Tags, Be the first to tag this record!

MARC

LEADER 00000naa a2200000 4500
001 0252909
005 20190408101858.3
041 0 |a slo 
044 |a SK 
245 1 0 |a Nové pravidlá pre dokumentáciu o transferovom oceňovaní  |c Michal Kočiš 
520 |a Základná charakteristika dokumentácie. Rozdiel medzi režimom transferového oceňovania a rozsahom dokumentácie. Pravidlá pre vedenie dokumentácie. Ilustračné príklady. 
610 2 0 |a dane z príjmov 
610 2 0 |a dokumentácia účtovná 
610 2 0 |a oceňovanie transferové 
610 2 0 |a pravidlá účtovné 
100 1 |a Kočiš, Michal